01000nam a2200277Ia 450000500170000000800410001702000180005804100120007608200170008810000210010524501240012625000120025026000540026230000200031644000110033665000270034765000230037465000260039765000250042365000230044870000200047170000220049194200070051399900170052095201850053720260429112317.0260429s9999||||xx |||||||||||||| ||und|| a9788119808342 aEnglish a720.954bFER aFergusson, James 0aHistory of Indian and eastern architecture : bIndian architecture and eastern architecture, Vol. 2 / cJames Fergusson a1st ed. aNew Delhi : bB.R. Publishing Corporation,c2024. axvi, 521 p.; hb vVol. 2 a Architectural history a Cultural heritage a Eastern architecture a Temple architecture aArchitecture-India a Burgess, James a Spiers, R. Phene cTB c53428d53428 001040708NFICaCUTNbCUTNc700d2026-04-29eT R Publications, Chennai - Invoice No. TRPHO/2025/CRB/185 on 09-02-2026l0o720. 954 FERp56504r2026-04-29 11:23:17w2026-04-29yTB